MARC

LEADER 00000nam0a2200000 4500
001 291147
005 20231102000346.0
020 |a RU  |b 83-92945 
035 |a (RuTPU)RU\TPU\book\315712 
090 |a 291147 
100 |a 20150411d1983 k y0rusy5003 ca 
101 0 |a rus 
102 |a RU 
105 |a a z 001zy 
200 1 |a Очистка сточных вод  |e тематический сборник научных трудов  |f Челябинский политехнический институт (ЧелПИ) ; под ред. В. И. Васильева 
210 |a Челябинск  |c Изд-во ЧелПИ  |d 1983 
215 |a 103 с.  |c ил. 
320 |a Библиография в конце статей 
606 |a Сточные воды  |x Очистка в целом  |2 stltpush  |3 (RuTPU)RU\TPU\subj\57136  |9 75000 
610 1 |a тонкослойные отстойники 
610 1 |a травильные растворы 
610 1 |a утилизация 
610 1 |a осадки 
610 1 |a обезвоживание 
610 1 |a обезвреживание 
610 1 |a атмосферные воды 
610 1 |a использование 
610 1 |a обессоливание 
610 1 |a фильтры 
610 1 |a работа 
675 |a 628.31  |v 3 
702 1 |a Васильев  |b В. И.  |g Виктор Иванович  |4 340 
712 0 2 |a Челябинский политехнический институт (ЧелПИ)  |c (1951-1990)  |2 stltpush  |3 (RuTPU)RU\TPU\col\7924 
801 0 |a RU  |b RuMRKP  |c 19950704  |g psbo 
801 1 |a RU  |b 63413507  |c 20150411 
801 2 |a RU  |b 63413507  |c 20181210  |g RCR 
942 |c BK